| 000 | 00947cam a22002894a 4500 | ||
|---|---|---|---|
| 001 | 13192143 | ||
| 003 | OSt | ||
| 005 | 20150728134256.0 | ||
| 008 | 030509s2004 nju b 001 0 eng | ||
| 010 | _a 2003053560 | ||
| 020 | _a0131421794 | ||
| 040 | _aSEKU | ||
| 042 | _apcc | ||
| 050 | 0 | 0 |
_aHD 30.28 _b.W4 2004 |
| 082 | 0 | 0 |
_a658.4/012 _221 |
| 100 | 1 | _aWheelen, Thomas L. | |
| 245 | 1 | 0 |
_aStrategic management and business policy _cThomas L. Wheelen, J. David Hunger. |
| 250 | _a9th ed. | ||
| 260 |
_aUpper Saddle River, NJ : _bPearson Prentice Hall, _cc2004. |
||
| 300 |
_axlvi, 367, ca. 500 p. : _bill. ; _c27 cm. |
||
| 500 | _aVarious multi-media instructional aids, including a Web site, are available to supplement the text. | ||
| 504 | _aIncludes bibliographical references and index. | ||
| 650 | 0 | _aStrategic planning. | |
| 650 | 0 |
_aStrategic planning _vCase studies. |
|
| 700 | 1 |
_aHunger, J. David, _d1941- |
|
| 942 |
_2lcc _cGEN |
||
| 999 |
_c7435 _d7435 |
||